01410 2200241 4500001002100000005001500021035002000036001002100056005001500077035002000092245004700112100002300159250003100182300003100213260003300244082001000277084001700287020002200304650001000326520078100336500003701117600001401154INLIS00000000000067820240831093605 a0010-0824000196INLIS00000000000042420240629123006 a0010-06240001331 aBercocok Tanam Cabai /cSuparman, Ama. Pd.0 aSuparman, Ama. Pd. aCetakan Ke-1, Edisi Revisi av, 90 hlm :bIlus ;c21 cm aJakarta :bAzka Press,c2006 a633.3 a633.3 SUP b a978-979-744-457-0 4aSains aCabai merupakan komoditas pertanian yang sangat merakyat. Cabai digunakan sebagai bumbu masakan yang memberi rasa pedas. Khasiat cabai untuk kesehatan pun sangat banyak, tidak mengherankan bila pangsa pasar cabai sangat luas. Tanaman cabai mempunyai nilai ekonomis tinggi sehingga banyak orang tertarik untuk bercocok tanam cabai. Selain ditanam persawahan, cabai dapat ditanam di lahan sempit seperti pekarangan rumah maupun pot tanaman. Dalam buku ini penulis mengupas cara bercocok tanam cabai di lahan pekarangan rumah dan media pot. Penjelasan dimulai dari jenis-jenis cabai dan sifatnya, cara menanam cabai, pengendalian hama dan penyakit, sampai pemanenan hasil. Selain itu juga dijelaskan bisnis dan teknik pemasaran hasil panen yang dapat dipraktekkan oleh pembaca. aSeri Keterampilan Bercocok Tanam 4aPertanian